[Event "IIFL Wealth  4th Mumbai Junior U-13"]
[Site "Mumbai"]
[Date "2019.01.02"]
[Round "4"]
[White "Dande Vyankatesh S"]
[Black "Desai Sailee"]
[Result "1/2-1/2"]
[WhiteElo "1418"]
[BlackElo "1042"]
[Annotator "NA RC"]
[PlyCount "64"]
[EventDate "2018.12.30"]
[EventType "swiss"]
[EventCountry "IND"]
[SourceTitle "playchess.com"]
[Source "ChessBase"]
[SourceQuality "1"]
[TimeControl "40/5400+30:1800+30"]

1. e4 {[%emt 0:00:00]} d5 {[%emt 0:00:00]} 2. exd5 {[%emt 0:00:00]} Qxd5 {[%emt 0:00:00]} 3. Nc3 {[%emt 0:00:00]} Qd6 {[%emt 0:00:00]} 4. Nf3 {[%emt 0:00:00]} Nf6 {[%emt 0:00:02]} 5. d4 {[%emt 0:00:51]} e6 {[%emt 0:00:08]} 6. Be3 {[%emt 0:00:18]} Be7 {[%emt 0:00:11]} 7. Be2 {[%emt 0:00:31]} a6 {[%emt 0:00:24]} 8. Bd3 {[%emt 0:03:42]} Nbd7 {[%emt 0:02:54]} 9. Qd2 {[%emt 0:06:50]} b5 {[%emt 0:01:56]} 10. Ne4 {[%emt 0:05:27]} Nxe4 {[%emt 0:03:10]} 11. Bxe4 {[%emt 0:05:06]} Rb8 {[%emt 0:01:24]} 12. a3 {[%emt 0:01:13]} Nf6 {[%emt 0:00:47]} 13. Bd3 {[%emt 0:00:12]} Bb7 {[%emt 0:00:33]} 14. Be2 {[%emt 0:00:40]} Rc8 {[%emt 0:02:31]} 15. O-O {[%emt 0:14:33]} O-O {[%emt 0:01:59]} 16. Rfe1 {[%emt 0:08:59]} Rfe8 {[%emt 0:13:43]} 17. Bf4 {[%emt 0:17:13]} Qb6 {[%emt 0:17:41]} 18. Bf1 {[%emt 0:03:19]} c5 {[%emt 0:05:46]} 19. c3 {[%emt 0:03:10]} cxd4 {[%emt 0:03:19]} 20. Nxd4 {[%emt 0:00:36]} Bc5 {[%emt 0:07:38]} 21. Be5 {[%emt 0:07:10]} Ne4 {[%emt 0:05:42]} 22. Rxe4 {[%emt 0:07:40]} Bxe4 {[%emt 0:02:51]} 23. Re1 {[%emt 0:00:30]} Bg6 {[%emt 0:00:00]} 24. Bd3 {[%emt 0:00:47]} Bxd3 {[%emt 0:02:24]} 25. Qxd3 {[%emt 0:00:11]} f6 {[%emt 0:00:49]} 26. Bg3 {[%emt 0:00:08]} Bxd4 {[%emt 0:01:28]} 27. cxd4 {[%emt 0:00:30]} Red8 {[%emt 0:01:48]} 28. Kh1 {[%emt 0:05:07]} Kh8 {[%emt 0:00:12]} 29. Kg1 {[%emt 0:00:03]} Kg8 {[%emt 0:00:04]} 30. Kh1 {[%emt 0:00:03]} Kh8 {[%emt 0:00:05]} 31. Kg1 {[%emt 0:00:08]} Kg8 {[%emt 0:00:04]} 32. Kh1 {[%emt 0:00:06]} Kh8 1/2-1/2

[Event "IIFL Wealth  4th Mumbai Junior U-13"]
[Site "Mumbai"]
[Date "2019.01.02"]
[Round "4"]
[White "Amrit Raunak"]
[Black "Yash Joshi"]
[Result "1-0"]
[WhiteElo "1410"]
[BlackElo "1389"]
[Annotator "NA RC"]
[PlyCount "127"]
[EventDate "2018.12.30"]
[EventType "swiss"]
[EventCountry "IND"]
[SourceTitle "playchess.com"]
[Source "ChessBase"]
[SourceQuality "1"]
[TimeControl "40/5400+30:1800+30"]

1. e4 c5 2. c3 d5 3. exd5 Nf6 4. d4 Nxd5 5. Nf3 e6 6. Bc4 Nc6 7. O-O Be7 8. Bxd5 Qxd5 9. Be3 cxd4 10. Bxd4 Nxd4 11. Qxd4 Qxd4 12. Nxd4 O-O 13. Nd2 e5 14. N4f3 f6 15. h3 b6 16. Rfe1 Rd8 17. Rad1 Bb7 18. Nf1 Rac8 19. Ne3 g6 20. Rxd8+ Rxd8 21. Rd1 Rxd1+ 22. Nxd1 Bd5 23. b3 b5 24. Ne3 Be6 25. Nd2 f5 26. c4 a6 27. cxb5 axb5 28. Nf3 Bf6 29. a4 e4 30. Nd2 Bd8 31. axb5 Bd7 32. Nec4 Bxb5 33. Nd6 Bd7 34. Kf1 Kf8 35. Ke2 Ke7 36. N6c4 Ke6 37. Ke3 Kd5 38. f3 Bg5+ 39. f4 Bd8 40. Nb1 Bb5 41. Nc3+ Kc5 42. Nxb5 Kxb5 43. Ne5 Bc7 44. Nd7 Kb4 45. Nf8 Bd6 46. Nxh7 Bc5+ 47. Ke2 Kxb3 48. Nf6 Kc4 49. Nd7 Bd4 50. Nf8 e3 51. Nxg6 Kd5 52. Nh4 Ke4 53. Nf3 Bb6 54. g3 Ba7 55. Ne1 Bb8 56. Ng2 Bd6 57. h4 Bf8 58. Nxe3 Bh6 59. Ng2 Bg7 60. h5 Bh6 61. Nh4 Bg7 62. Ng6 Bh6 63. Ne5 Bg7 64. Nf7 1-0

[Event "IIFL Wealth  4th Mumbai Junior U-13"]
[Site "Mumbai"]
[Date "2019.01.02"]
[Round "4"]
[White "Ananya Arumbakkam"]
[Black "Suhaani Lohia"]
[Result "1-0"]
[WhiteElo "1405"]
[BlackElo "1200"]
[Annotator "NA RC"]
[PlyCount "86"]
[EventDate "2018.12.30"]
[EventType "swiss"]
[EventCountry "IND"]
[SourceTitle "playchess.com"]
[Source "ChessBase"]
[SourceQuality "1"]
[TimeControl "40/5400+30:1800+30"]

1. e4 c5 {[%emt 0:00:00]} 2. Nf3 {[%emt 0:00:00]} d6 {[%emt 0:00:45]} 3. Bb5+ {[%emt 0:00:09]} Bd7 {[%emt 0:04:03]} 4. Bxd7+ {[%emt 0:00:13]} Qxd7 {[%emt 0:00:48]} 5. O-O {[%emt 0:00:07]} Nf6 {[%emt 0:00:21]} 6. Qe2 {[%emt 0:00:09]} g6 {[%emt 0:00:27]} 7. c3 {[%emt 0:00:10]} Bg7 {[%emt 0:00:43]} 8. Rd1 {[%emt 0:00:07]} Nc6 {[%emt 0:00:48]} 9. d4 {[%emt 0:00:38]} cxd4 {[%emt 0:05:29]} 10. cxd4 {[%emt 0:00:27]} Rd8 {[%emt 0:02:59]} 11. Nc3 {[%emt 0:01:04]} O-O {[%emt 0:04:32]} 12. Be3 {[%emt 0:02:42]} Qc7 {[%emt 0:04:49]} 13. Rac1 {[%emt 0:00:25]} Qb8 {[%emt 0:01:16]} 14. h3 {[%emt 0:10:16]} Rfe8 {[%emt 0:11:52]} 15. Bg5 {[%emt 0:01:01]} h6 {[%emt 0:01:42]} 16. Bf4 {[%emt 0:00:24]} Kh7 {[%emt 0:03:43]} 17. Bh2 {[%emt 0:01:50]} Nd7 {[%emt 0:04:54]} 18. Qc4 {[%emt 0:01:54]} Kg8 {[%emt 0:01:49]} 19. b4 {[%emt 0:03:27]} Rc8 {[%emt 0:05:04]} 20. Qb3 {[%emt 0:01:38]} Nb6 {[%emt 0:10:10]} 21. a4 {[%emt 0:01:05]} Qc7 {[%emt 0:04:42]} 22. a5 {[%emt 0:02:57]} Nd7 {[%emt 0:03:47]} 23. Nd5 {[%emt 0:00:33]} Qb8 {[%emt 0:01:08]} 24. Qa4 {[%emt 0:16:45]} Nf8 {[%emt 0:02:10]} 25. b5 {[%emt 0:00:56]} Nd8 {[%emt 0:03:06]} 26. Rxc8 {[%emt 0:08:33]} Qxc8 {[%emt 0:01:51]} 27. b6 {[%emt 0:02:52]} Nc6 {[%emt 0:00:21]} 28. bxa7 {[%emt 0:01:07]} Nxa7 29. Bf4 {[%emt 0:04:24]} Ne6 {[%emt 0:00:55]} 30. Rc1 {[%emt 0:00:58]} Qb8 {[%emt 0:02:07]} 31. Be3 {[%emt 0:01:08]} Nc6 {[%emt 0:00:51]} 32. a6 {[%emt 0:02:21]} Qa7 {[%emt 0:00:29]} 33. Nc3 {[%emt 0:01:07]} Nexd4 {[%emt 0:04:02]} 34. Nxd4 {[%emt 0:01:21]} Bxd4 {[%emt 0:01:26]} 35. Nb5 {[%emt 0:01:43]} Qb6 {[%emt 0:01:22]} 36. Nxd4 {[%emt 0:00:32]} Nxd4 {[%emt 0:01:15]} 37. Qxe8+ {[%emt 0:00:23]} Kg7 {[%emt 0:00:09]} 38. Bxd4+ {[%emt 0:00:05]} Qxd4 {[%emt 0:00:11]} 39. axb7 {[%emt 0:00:24]} Qd2 {[%emt 0:00:21]} 40. Qc8 {[%emt 0:00:00]} Qb2 {[%emt 0:00:00]} 41. b8=Q {[%emt 0:00:21]} Qb6 42. Qbb7 Qxb7 {[%emt 0:01:00]} 43. Qb8 {[%emt 0:00:35]} Qxb8 {[%emt 0:00:06]} 1-0

[Event "IIFL Wealth  4th Mumbai Junior U-13"]
[Site "Mumbai"]
[Date "2019.01.02"]
[Round "4"]
[White "Virle Kimaya"]
[Black "Mayank Chakraborty"]
[Result "0-1"]
[WhiteElo "1391"]
[BlackElo "1691"]
[Annotator "NA RC"]
[PlyCount "84"]
[EventDate "2018.12.30"]
[EventType "swiss"]
[EventCountry "IND"]
[SourceTitle "playchess.com"]
[Source "ChessBase"]
[SourceQuality "1"]
[TimeControl "40/5400+30:1800+30"]

1. d4 {[%emt 0:00:00]} Nf6 {[%emt 0:03:23]} 2. c4 {[%emt 0:00:00]} e6 {[%emt 0:00:09]} 3. Nc3 {[%emt 0:00:00]} Bb4 {[%emt 0:00:09]} 4. Qc2 {[%emt 0:00:00]} O-O {[%emt 0:00:32]} 5. a3 {[%emt 0:00:12]} Bxc3+ {[%emt 0:00:32]} 6. Qxc3 {[%emt 0:00:08]} b5 {[%emt 0:00:46]} 7. cxb5 {[%emt 0:03:23]} c6 {[%emt 0:00:24]} 8. Bg5 {[%emt 0:01:05]} cxb5 {[%emt 0:01:14]} 9. e3 {[%emt 0:01:08]} Bb7 {[%emt 0:05:52]} 10. Rc1 {[%emt 0:01:11]} Nc6 {[%emt 0:31:05]} 11. Nf3 {[%emt 0:04:05]} Rc8 {[%emt 0:04:05]} 12. Qd2 {[%emt 0:00:54]} Qa5 {[%emt 0:09:40]} 13. Bxf6 {[%emt 0:01:06]} gxf6 {[%emt 0:01:03]} 14. Be2 {[%emt 0:00:57]} Qxd2+ {[%emt 0:00:10]} 15. Kxd2 {[%emt 0:00:13]} a6 {[%emt 0:00:06]} 16. Rc2 {[%emt 0:03:24]} Na5 17. b4 {[%emt 0:04:52]} Nb3+ {[%emt 0:06:28]} 18. Kd1 {[%emt 0:01:46]} Be4 {[%emt 0:00:12]} 19. Rc5 {[%emt 0:03:40]} Nxc5 {[%emt 0:00:12]} 20. dxc5 {[%emt 0:00:02]} d6 {[%emt 0:00:23]} 21. Nd2 {[%emt 0:01:12]} Bb7 {[%emt 0:00:19]} 22. c6 {[%emt 0:01:50]} Bxc6 {[%emt 0:00:15]} 23. Bf3 {[%emt 0:01:11]} Bxf3+ {[%emt 0:00:09]} 24. Nxf3 {[%emt 0:00:12]} Rc3 {[%emt 0:00:07]} 25. Kd2 {[%emt 0:01:17]} Rfc8 {[%emt 0:00:09]} 26. Ra1 {[%emt 0:02:51]} Rc2+ {[%emt 0:00:07]} 27. Ke1 {[%emt 0:02:42]} Rc1+ {[%emt 0:00:04]} 28. Rxc1 {[%emt 0:00:54]} Rxc1+ {[%emt 0:00:08]} 29. Kd2 {[%emt 0:00:22]} Ra1 {[%emt 0:00:12]} 30. Nd4 {[%emt 0:01:17]} Rxa3 {[%emt 0:00:10]} 31. e4 {[%emt 0:01:15]} Ra1 {[%emt 0:00:18]} 32. Ke3 {[%emt 0:03:38]} a5 {[%emt 0:00:40]} 33. Nxb5 {[%emt 0:05:34]} axb4 {[%emt 0:00:11]} 34. Kd3 {[%emt 0:02:01]} Ra2 {[%emt 0:00:10]} 35. Kc4 {[%emt 0:01:02]} Rxf2 {[%emt 0:00:09]} 36. Nxd6 {[%emt 0:01:15]} Rxg2 {[%emt 0:00:11]} 37. h4 {[%emt 0:02:17]} Rg4 {[%emt 0:00:13]} 38. Kxb4 {[%emt 0:02:10]} f5 {[%emt 0:00:23]} 39. Kc3 {[%emt 0:01:16]} fxe4 {[%emt 0:00:08]} 40. h5 {[%emt 0:00:00]} e3 {[%emt 0:00:00]} 41. Kd3 {[%emt 0:01:17]} Rd4+ {[%emt 0:00:47]} 42. Kxd4 {[%emt 0:00:43]} e2 {[%emt 0:00:08]} 0-1

[Event "IIFL Wealth  4th Mumbai Junior U-13"]
[Site "Mumbai"]
[Date "2019.01.02"]
[Round "4"]
[White "Agarwal Mukund H"]
[Black "Shreyas Ghadi"]
[Result "1/2-1/2"]
[WhiteElo "1375"]
[BlackElo "1653"]
[Annotator "NA"]
[PlyCount "103"]
[EventDate "2018.12.30"]
[EventType "swiss"]
[EventCountry "IND"]
[SourceTitle "playchess.com"]
[Source "ChessBase"]
[SourceQuality "1"]
[TimeControl "40/5400+30:1800+30"]

1. e4 {[%emt 0:06:27]} e6 {[%emt 0:00:00]} 2. d4 {[%emt 0:00:06]} d5 {[%emt 0:00:00]} 3. e5 {[%emt 0:00:04]} c5 {[%emt 0:00:00]} 4. c3 {[%emt 0:00:02]} Nc6 {[%emt 0:00:00]} 5. Be3 {[%emt 0:00:10]} Nge7 {[%emt 0:01:38]} 6. Nf3 {[%emt 0:00:32]} cxd4 7. cxd4 {[%emt 0:01:05]} Qb6 {[%emt 0:02:22]} 8. Qd2 {[%emt 0:00:54]} Nf5 {[%emt 0:00:49]} 9. Be2 {[%emt 0:06:50]} Bd7 {[%emt 0:01:54]} 10. Nc3 {[%emt 0:04:23]} Na5 {[%emt 0:01:06]} 11. O-O {[%emt 0:03:33]} Rc8 {[%emt 0:00:15]} 12. Rac1 {[%emt 0:15:20]} Nc4 {[%emt 0:00:57]} 13. Bxc4 {[%emt 0:00:33]} Rxc4 {[%emt 0:00:20]} 14. a3 {[%emt 0:13:20]} Be7 {[%emt 0:02:23]} 15. Ne2 {[%emt 0:04:47]} Rxc1 {[%emt 0:06:08]} 16. Rxc1 {[%emt 0:00:04]} h6 {[%emt 0:00:09]} 17. Ng3 {[%emt 0:02:37]} Nxg3 {[%emt 0:02:56]} 18. hxg3 {[%emt 0:01:32]} Bc6 {[%emt 0:04:04]} 19. Ne1 {[%emt 0:07:59]} O-O {[%emt 0:11:04]} 20. Nd3 {[%emt 0:01:23]} Qd8 {[%emt 0:00:48]} 21. Ne1 {[%emt 0:02:32]} f5 {[%emt 0:01:02]} 22. Nd3 g5 {[%emt 0:01:05]} 23. f4 {[%emt 0:04:30]} g4 {[%emt 0:00:18]} 24. Kf2 {[%emt 0:01:25]} Kg7 {[%emt 0:00:15]} 25. Rh1 {[%emt 0:02:53]} Rh8 {[%emt 0:00:17]} 26. Nb4 {[%emt 0:05:18]} Bb5 {[%emt 0:01:43]} 27. Rc1 {[%emt 0:00:53]} Bc4 {[%emt 0:00:49]} 28. Qc3 {[%emt 0:00:33]} a5 {[%emt 0:00:15]} 29. Nd3 {[%emt 0:00:25]} b6 {[%emt 0:01:33]} 30. b3 {[%emt 0:01:24]} Ba6 {[%emt 0:04:03]} 31. a4 {[%emt 0:01:07]} Qd7 {[%emt 0:01:22]} 32. Qc7 {[%emt 0:00:45]} Qxc7 {[%emt 0:00:05]} 33. Rxc7 {[%emt 0:00:01]} Kf7 {[%emt 0:00:01]} 34. Ne1 {[%emt 0:01:38]} Rb8 {[%emt 0:01:28]} 35. Bc1 {[%emt 0:01:01]} Ke8 {[%emt 0:02:00]} 36. Bd2 {[%emt 0:00:49]} Kd8 {[%emt 0:01:51]} 37. Rc1 {[%emt 0:01:48]} Kd7 {[%emt 0:00:11]} 38. Nc2 {[%emt 0:00:57]} Rc8 {[%emt 0:01:25]} 39. Ke1 {[%emt 0:02:36]} h5 {[%emt 0:01:05]} 40. Kd1 {[%emt 0:00:00]} h4 {[%emt 0:00:00]} 41. gxh4 {[%emt 0:00:54]} Bxh4 {[%emt 0:00:45]} 42. b4 {[%emt 0:00:13]} axb4 {[%emt 0:00:53]} 43. Bxb4 {[%emt 0:00:18]} Bg3 {[%emt 0:02:44]} 44. Bd2 {[%emt 0:00:28]} Rh8 {[%emt 0:01:03]} 45. Ne3 {[%emt 0:01:05]} Bxf4 {[%emt 0:00:54]} 46. Nxd5 {[%emt 0:00:19]} Rh1+ {[%emt 0:00:04]} 47. Kc2 {[%emt 0:00:04]} Rxc1+ {[%emt 0:00:03]} 48. Bxc1 {[%emt 0:00:04]} Bxc1 {[%emt 0:00:09]} 49. Nf6+ {[%emt 0:00:09]} Kc6 {[%emt 0:00:45]} 50. Kxc1 {[%emt 0:00:03]} b5 {[%emt 0:00:08]} 51. axb5+ {[%emt 0:00:15]} Kxb5 {[%emt 0:00:04]} 52. Kd2 {[%emt 0:00:58]} 1/2-1/2

[Event "IIFL Wealth  4th Mumbai Junior U-13"]
[Site "Mumbai"]
[Date "2019.01.02"]
[Round "4"]
[White "Adreeja Sinha"]
[Black "Makwana Devam"]
[Result "1-0"]
[WhiteElo "1366"]
[BlackElo "1617"]
[Annotator "NA"]
[PlyCount "67"]
[EventDate "2018.12.30"]
[EventType "swiss"]
[EventCountry "IND"]
[SourceTitle "playchess.com"]
[Source "ChessBase"]
[SourceQuality "1"]
[TimeControl "40/5400+30:1800+30"]

1. e4 {[%emt 0:00:00]} c5 {[%emt 0:00:00]} 2. Nf3 {[%emt 0:00:00]} d6 {[%emt 0:00:00]} 3. d4 {[%emt 0:00:00]} cxd4 {[%emt 0:00:00]} 4. Nxd4 {[%emt 0:00:06]} Nf6 {[%emt 0:00:35]} 5. Nc3 {[%emt 0:00:08]} Nc6 {[%emt 0:00:04]} 6. f3 e6 {[%emt 0:00:23]} 7. Be3 {[%emt 0:01:42]} Be7 {[%emt 0:00:17]} 8. Be2 {[%emt 0:02:12]} a6 {[%emt 0:00:13]} 9. O-O {[%emt 0:02:50]} Qc7 10. f4 {[%emt 0:02:37]} O-O {[%emt 0:04:29]} 11. Kh1 {[%emt 0:03:20]} Bd7 {[%emt 0:05:44]} 12. Qe1 {[%emt 0:06:34]} b5 {[%emt 0:03:54]} 13. a3 {[%emt 0:01:55]} Rac8 {[%emt 0:05:33]} 14. f5 {[%emt 0:07:32]} Ne5 {[%emt 0:09:19]} 15. Qg3 {[%emt 0:03:50]} Kh8 {[%emt 0:02:31]} 16. fxe6 {[%emt 0:03:53]} fxe6 {[%emt 0:02:09]} 17. Rf4 {[%emt 0:08:29]} Nc4 {[%emt 0:03:29]} 18. Bxc4 {[%emt 0:00:50]} e5 {[%emt 0:04:41]} 19. Rxf6 {[%emt 0:02:31]} Bxf6 {[%emt 0:03:17]} 20. Ne6 {[%emt 0:04:08]} Qxc4 {[%emt 0:03:45]} 21. Nxf8 {[%emt 0:01:05]} Rxf8 {[%emt 0:00:08]} 22. Rd1 {[%emt 0:02:29]} b4 {[%emt 0:01:43]} 23. axb4 {[%emt 0:00:27]} Qxb4 {[%emt 0:01:04]} 24. Bc1 {[%emt 0:01:01]} Bc6 {[%emt 0:06:02]} 25. Qd3 {[%emt 0:03:48]} Be7 {[%emt 0:04:28]} 26. h3 {[%emt 0:03:14]} h6 {[%emt 0:04:15]} 27. Re1 {[%emt 0:07:00]} Bb5 {[%emt 0:02:12]} 28. Qg3 {[%emt 0:03:31]} a5 {[%emt 0:05:15]} 29. Nd5 {[%emt 0:03:29]} Qc4 {[%emt 0:02:54]} 30. Nxe7 {[%emt 0:01:16]} Rf1+ {[%emt 0:00:03]} 31. Kh2 {[%emt 0:01:36]} Rxe1 {[%emt 0:00:42]} 32. Qxe1 {[%emt 0:01:39]} Qxc2 {[%emt 0:00:08]} 33. Qxa5 {[%emt 0:01:09]} Qxc1 {[%emt 0:00:21]} 34. Qd8+ {[%emt 0:00:10]} 1-0

[Event "IIFL Wealth  4th Mumbai Junior U-13"]
[Site "Mumbai"]
[Date "2019.01.02"]
[Round "4"]
[White "Shreyas Seshadri Nallore"]
[Black "Kadam Rishi R"]
[Result "0-1"]
[WhiteElo "1343"]
[BlackElo "1604"]
[Annotator "NA RC"]
[PlyCount "100"]
[EventDate "2018.12.30"]
[EventType "swiss"]
[EventCountry "IND"]
[SourceTitle "playchess.com"]
[Source "ChessBase"]
[SourceQuality "1"]
[TimeControl "40/5400+30:1800+30"]

1. e4 {[%emt 0:00:00]} e5 {[%emt 0:00:00]} 2. Nf3 {[%emt 0:00:00]} Nc6 {[%emt 0:00:00]} 3. d4 {[%emt 0:00:00]} exd4 {[%emt 0:00:21]} 4. Nxd4 {[%emt 0:00:10]} Nf6 {[%emt 0:00:11]} 5. Nc3 {[%emt 0:00:11]} Bb4 {[%emt 0:00:17]} 6. Nxc6 {[%emt 0:00:10]} bxc6 {[%emt 0:00:06]} 7. Bd3 {[%emt 0:00:05]} O-O {[%emt 0:00:56]} 8. O-O {[%emt 0:00:16]} d5 {[%emt 0:02:12]} 9. exd5 {[%emt 0:02:47]} cxd5 {[%emt 0:01:07]} 10. Bg5 {[%emt 0:01:19]} c6 {[%emt 0:01:01]} 11. Qf3 {[%emt 0:07:46]} Be7 {[%emt 0:02:16]} 12. Rfe1 {[%emt 0:03:19]} h6 {[%emt 0:11:16]} 13. Bh4 {[%emt 0:07:26]} Re8 {[%emt 0:11:29]} 14. h3 {[%emt 0:15:38]} Be6 {[%emt 0:18:15]} 15. Ne2 {[%emt 0:13:26]} Nd7 {[%emt 0:28:47]} 16. Bxe7 {[%emt 0:10:08]} Qxe7 {[%emt 0:00:12]} 17. Ng3 {[%emt 0:03:27]} Qd6 {[%emt 0:01:41]} 18. Nf5 {[%emt 0:10:19]} Bxf5 {[%emt 0:00:12]} 19. Qxf5 {[%emt 0:01:30]} Nf6 {[%emt 0:00:13]} 20. c3 {[%emt 0:02:13]} Rab8 {[%emt 0:02:50]} 21. b3 {[%emt 0:05:07]} Re6 {[%emt 0:01:57]} 22. Re2 {[%emt 0:04:57]} Rbe8 {[%emt 0:04:07]} 23. Rae1 {[%emt 0:00:49]} c5 {[%emt 0:00:58]} 24. Bb5 {[%emt 0:02:45]} R8e7 {[%emt 0:00:29]} 25. Bd3 {[%emt 0:01:17]} Qc6 {[%emt 0:02:10]} 26. Re5 {[%emt 0:01:00]} Qe8 {[%emt 0:07:36]} 27. f4 {[%emt 0:02:27]} Qd7 {[%emt 0:01:16]} 28. c4 {[%emt 0:03:04]} g6 {[%emt 0:01:06]} 29. Qxf6 {[%emt 0:01:23]} Rxf6 {[%emt 0:00:05]} 30. Rxe7 {[%emt 0:00:04]} Qd6 {[%emt 0:00:07]} 31. g3 {[%emt 0:01:25]} g5 {[%emt 0:00:36]} 32. cxd5 {[%emt 0:01:01]} gxf4 {[%emt 0:00:10]} 33. Re8+ {[%emt 0:00:27]} Kg7 {[%emt 0:00:05]} 34. R8e5 {[%emt 0:00:31]} c4 {[%emt 0:01:28]} 35. Bxc4 {[%emt 0:00:26]} Qc5+ {[%emt 0:00:12]} 36. Kg2 {[%emt 0:00:10]} fxg3 {[%emt 0:01:36]} 37. R1e3 {[%emt 0:00:36]} Rg6 {[%emt 0:00:29]} 38. Rxg3 {[%emt 0:00:37]} Rxg3+ {[%emt 0:00:07]} 39. Kxg3 {[%emt 0:00:10]} Qd6 {[%emt 0:00:07]} 40. Kf4 {[%emt 0:00:00]} Kf6 {[%emt 0:00:00]} 41. Ke3 {[%emt 0:00:13]} Kxe5 {[%emt 0:00:14]} 42. Kd3 {[%emt 0:00:03]} f5 {[%emt 0:00:09]} 43. Ke3 {[%emt 0:00:03]} f4+ {[%emt 0:00:08]} 44. Kf3 {[%emt 0:00:02]} Qg6 {[%emt 0:01:05]} 45. Bf1 {[%emt 0:00:19]} Qg3+ {[%emt 0:00:07]} 46. Ke2 {[%emt 0:00:02]} f3+ {[%emt 0:00:09]} 47. Ke3 {[%emt 0:00:01]} Qe1+ {[%emt 0:00:11]} 48. Kxf3 {[%emt 0:00:02]} Qxf1+ {[%emt 0:00:06]} 49. Kg4 {[%emt 0:00:02]} Qg2+ {[%emt 0:00:14]} 50. Kh4 {[%emt 0:00:05]} Qg5# {[%emt 0:00:05]} 0-1

[Event "IIFL Wealth  4th Mumbai Junior U-13"]
[Site "Mumbai"]
[Date "2019.01.02"]
[Round "4"]
[White "Tikam Aradhya"]
[Black "Arushi Srichandan"]
[Result "1-0"]
[WhiteElo "1332"]
[BlackElo "1100"]
[Annotator "NA"]
[PlyCount "85"]
[EventDate "2018.12.30"]
[EventType "swiss"]
[EventCountry "IND"]
[SourceTitle "playchess.com"]
[Source "ChessBase"]
[SourceQuality "1"]
[TimeControl "40/5400+30:1800+30"]

1. Nf3 {[%emt 0:00:00]} e5 {[%emt 0:03:11]} 2. e4 {[%emt 0:00:00]} Nc6 {[%emt 0:00:30]} 3. Bc4 {[%emt 0:00:00]} Bc5 {[%emt 0:00:53]} 4. c3 {[%emt 0:00:00]} Qe7 {[%emt 0:00:45]} 5. O-O {[%emt 0:00:16]} Nf6 {[%emt 0:00:24]} 6. d4 {[%emt 0:00:20]} Bb6 {[%emt 0:00:17]} 7. Re1 {[%emt 0:00:54]} O-O {[%emt 0:00:23]} 8. Bg5 {[%emt 0:04:30]} h6 {[%emt 0:04:04]} 9. Bh4 {[%emt 0:01:33]} d6 {[%emt 0:01:42]} 10. d5 {[%emt 0:00:34]} Nb8 {[%emt 0:00:26]} 11. a4 {[%emt 0:02:53]} a6 12. Na3 {[%emt 0:03:10]} Bg4 {[%emt 0:06:11]} 13. Nc2 {[%emt 0:01:06]} Nbd7 {[%emt 0:00:41]} 14. Ne3 {[%emt 0:01:17]} Bxe3 {[%emt 0:00:34]} 15. Rxe3 {[%emt 0:00:25]} g5 16. Bg3 {[%emt 0:00:28]} Kh7 {[%emt 0:06:21]} 17. Be2 {[%emt 0:00:20]} Rg8 {[%emt 0:03:24]} 18. h3 {[%emt 0:04:42]} Bh5 {[%emt 0:00:24]} 19. Nh2 {[%emt 0:00:22]} Bxe2 {[%emt 0:07:30]} 20. Qxe2 {[%emt 0:00:29]} h5 {[%emt 0:01:44]} 21. f3 {[%emt 0:03:21]} Rg6 {[%emt 0:04:55]} 22. Nf1 {[%emt 0:03:37]} Rag8 {[%emt 0:01:53]} 23. Kf2 {[%emt 0:00:28]} h4 {[%emt 0:01:22]} 24. Bh2 {[%emt 0:00:19]} Nh5 {[%emt 0:03:46]} 25. g3 {[%emt 0:04:23]} hxg3+ {[%emt 0:00:31]} 26. Nxg3 {[%emt 0:02:13]} Nxg3 {[%emt 0:02:02]} 27. Bxg3 {[%emt 0:00:35]} Rh6 {[%emt 0:00:31]} 28. Rh1 {[%emt 0:00:26]} Nf6 {[%emt 0:00:33]} 29. Ke1 {[%emt 0:11:48]} g4 {[%emt 0:02:06]} 30. h4 {[%emt 0:05:30]} gxf3 {[%emt 0:03:17]} 31. Rxf3 {[%emt 0:01:34]} Qd7 {[%emt 0:00:29]} 32. Rhf1 {[%emt 0:01:18]} Qe7 {[%emt 0:01:04]} 33. Qf2 {[%emt 0:00:10]} Kg7 {[%emt 0:13:33]} 34. h5 {[%emt 0:02:27]} Kh7 {[%emt 0:02:26]} 35. Bh4 {[%emt 0:00:47]} Nxe4 {[%emt 0:01:23]} 36. Rxf7+ {[%emt 0:02:17]} Rg7 37. Qf5+ {[%emt 0:00:06]} Kg8 {[%emt 0:01:13]} 38. Bxe7 {[%emt 0:00:13]} Nf6 {[%emt 0:00:06]} 39. Rxg7+ {[%emt 0:00:07]} Kxg7 {[%emt 0:00:08]} 40. Bxf6+ {[%emt 0:00:00]} Kg8 {[%emt 0:00:00]} 41. Qg5+ {[%emt 0:00:22]} Kf8 {[%emt 0:00:13]} 42. Qg7+ {[%emt 0:00:08]} Ke8 {[%emt 0:00:05]} 43. Qe7# {[%emt 0:00:12]} 1-0

[Event "IIFL Wealth  4th Mumbai Junior U-13"]
[Site "Mumbai"]
[Date "2019.01.02"]
[Round "4"]
[White "Jain, Kushagra"]
[Black "Adireddy Tarun"]
[Result "0-1"]
[WhiteElo "1323"]
[BlackElo "1553"]
[Annotator "NA"]
[PlyCount "64"]
[EventDate "2018.12.30"]
[EventType "swiss"]
[EventCountry "IND"]
[SourceTitle "playchess.com"]
[Source "ChessBase"]
[SourceQuality "1"]
[TimeControl "40/5400+30:1800+30"]

1. b3 d5 2. Bb2 Bg4 3. g3 c5 4. Bg2 Nc6 5. Nf3 Nf6 6. O-O e6 7. d3 Bd6 8. Nbd2 e5 9. e4 d4 10. h3 Be6 11. Ne1 Qd7 12. Kh2 g5 13. Qe2 h5 14. c3 b5 15. cxd4 cxd4 16. Nc2 Ke7 17. Rac1 Rag8 18. Na3 a6 19. Rfd1 Bb8 20. Nab1 Ke8 21. Ba3 b4 22. Bb2 Ne7 23. Nc4 Bc7 24. a3 Ng6 25. Rc2 h4 26. g4 Nf4 27. Qf1 Bxg4 28. hxg4 Qxg4 29. Ne3 h3 30. Bh1 Qg2+ 31. Bxg2 hxg2+ 32. Kg3 Rh3# 0-1